| 000 | 01322nam a2200349 a 4500 | ||
|---|---|---|---|
| 001 | 000111840 | ||
| 003 | CHAP | ||
| 005 | 20220329144231.0 | ||
| 008 | 150922s2015 mx a fsm |||||||spa d | ||
| 010 | _a108301 | ||
| 011 | _a109273 | ||
| 040 | _cCHAP | ||
| 090 | _aTesis | ||
| 100 | 1 |
_aBeltrán Beltrán, Ana Karen _9129822 |
|
| 245 | 1 | 0 |
_aResistencia de biotipos de avena fatua al clodinafop-propargyl, herbicida inhibidor de la acetil coenzima-a carboxilasa (ACCasa), en el bajío y noroeste del país / _h[En línea] _cpor Ana Karen Beltrán Beltrán. |
| 260 |
_aChapingo, Méx. : _bEl autor, _c2015. |
||
| 500 | _aPara ver el contenido del material haga clic en la liga | ||
| 502 | _aTesis (Ing. Agr. Esp. en Parasitología Agrícola) -- UACH. Departamento de Parasitología Agrícola | ||
| 590 |
_aBATCH _b00 _c20181121 _lUCH01 _h0759 |
||
| 590 |
_aE11695DGD _b10 _c20150924 _lUCH01 _h1122 |
||
| 590 |
_aE5995AHE _b05 _c20150922 _lUCH01 _h1347 |
||
| 590 |
_aE5995AHE _b05 _c20150922 _lUCH01 _h1348 |
||
| 590 |
_aE5995AHE _b05 _c20150923 _lUCH01 _h1450 |
||
| 650 | 1 | 4 |
_aAvena fatua. _98557 |
| 650 | 1 | 4 |
_aAvena _zSonora. _9129823 |
| 650 | 1 | 4 |
_aEnzimas. _937195 |
| 856 |
_a1 _n0000896 |
||
| 856 |
_aFinding aid _uhttp://10.13.5.2/tesis/sist111840.pdf _zTeclea aquí |
||
| 901 | _aBK | ||
| 942 | _cTESIS | ||
| 942 | _n0 | ||
| 999 |
_c108301 _d108301 |
||